[Event "AUTONOMIC COMUNIDAD VALENCIANA"]
[Site "Vila-real (Castellón - SPAIN)"]
[Date "2009.08.22"]
[Round "7.17"]
[White "Montoliu Cervero, Angel"]
[Black "Capella Gimenez, Jose M"]
[Result "0-1"]
[WhiteElo "1675"]
[BlackElo "2095"]
[PlyCount "98"]
[EventDate "2009.08.18"]

1. e4 c6 2. d4 d5 3. exd5 cxd5 4. Nc3 Nc6 5. Bb5 Nf6 6. Bg5 e6 7. a3 Be7 8. Nf3
O-O 9. O-O Qb6 10. Bd3 Kh8 11. Be3 a6 12. Qd2 Qc7 13. Bf4 Bd6 14. Bxd6 Qxd6 15.
Rfe1 b5 16. Ne5 Nd7 17. Nxc6 Qxc6 18. Re3 f5 19. Rae1 Nf6 20. f3 Bd7 21. Na2
Qb6 22. Nc1 Rae8 23. Nb3 Bc8 24. Nc5 Kg8 25. Qb4 Kf7 26. Nxa6 Qxa6 27. Bxb5 Qa7
28. Bxe8+ Rxe8 29. Rc3 e5 30. Qc5 Qxc5 31. Rxc5 e4 32. f4 h6 33. a4 g5 34. fxg5
hxg5 35. Rc7+ Ke6 36. Rc6+ Ke7 37. a5 Bd7 38. Rc7 Kd6 39. Rc5 Ra8 40. b4 f4 41.
Ra1 e3 42. Rc3 Ne4 43. Rca3 Bb5 44. a6 Ra7 45. Rc1 Kc6 46. Ra5 g4 47. Re1 f3
48. gxf3 gxf3 49. Rxb5 f2+ 0-1